La Turquie pour les touristes... - Statistiques

Statistiques générales
  • Ce quiz a été pris 188 fois
    162 depuis la dernière actualisation
  • Le résultat moyen est 10 sur 20
Statistiques - réponses
Question Indice Réponses % Correct
Quelle est la langue officielle ? Turc
100%
Quelles sont les principales villes touristiques ? I Istanbul
89%
Quelles sont les principales villes touristiques ? A Ankara
86%
Quelle autre langue est parlée ? A Anglais
81%
Quelles sont les principales villes touristiques ? A Antalya
78%
La conduite se fait à droite ou à gauche ? Droite
74%
Dans la capitale y-a-t-il un décalage horaire avec Paris ? (oui/non) Oui
74%
La religion majoritaire est Islam
61%
La vitesse est limitée sur autoroutes à {130} km/h
59%
Quelles sont les principales villes touristiques ? B Bodrum
52%
Quels sites peut-on visiter ? C Région de {Cappadoce}
48%
Achats à faire 1/ Pour le sol Tapis
48%
Quelle est la monnaie ? L Livre turque
44%
Le suffixe internet est tr
41%
Le taux d'alcoolémie toléré au volant est de {0.5} g/l
37%
Quelles sont les principales villes touristiques ? C Cesme
21%
Achats à faire 3/ Jeu local Tavla
20%
Quels sites peut-on visiter ? E Ephèse
12%
Achats à faire 4/ Douceurs Loukoums
12%
Achats à faire 2/ Céramique d' Iznik
10%
Aucun quiz correspondant
Distribution des résultats
% des personnes avec chaque résultat
Percentile par nombre de réponses
Votre historique - résultats
Vous n’avez pas pris ce quiz depuis la dernière actualisation